Donald Trump's Children - Statistics

General Stats
  • This quiz has been taken 37 times
  • The average score is 4 of 5
Answer Stats
Donald Trump's Children % Correct
Donald Jr.
97%
Ivanka
94%
Barron
74%
Eric
74%
Tiffany
68%
No matching quizzes found
Score Distribution
Percent of People with Each Score
Percentile by Number Answered
Your Score History
You have not taken this quiz